000
00264nam a2200097Ia 4500
001
653874
005
20250826154507.0
008
250824s9999 xx 000 0 und d
245
0
_a
DİKKAT! KIRILACAK EŞYA
_c
Derleyen:SEMİH GÜMÜŞ
260
_b
GÜNIŞIĞI YAYINLARI
999
_c
653874
_d
653874